Normal view
MARC view
- الامن السيبراني-الصراع والامن الجيوسيبراني
Entry Topical Term
001 - CONTROL NUMBER
- control field: 63425
003 - CONTROL NUMBER IDENTIFIER
- control field: JO-AjAnu
005 - DATE AND TIME OF LATEST TRANSACTION
- control field: 20230606084343.0
008 - FIXED-LENGTH DATA ELEMENTS
- fixed length control field: 230606|| aca||aabn | a|a d
040 ## - CATALOGING SOURCE
- Original cataloging agency: JO-AjAnu
- Transcribing agency: JO-AjAnu
150 ## - HEADING--TOPICAL TERM
- Topical term or geographic name entry element: الامن السيبراني-الصراع والامن الجيوسيبراني
670 ## - SOURCE DATA FOUND
- Source citation: Work cat.: (JO-AjAnu)32337: العلي، علي زياد, author 63424, الصراع والامن الجيوسيبراني في السياسة الدولية: دراسة في استرتيجيات الاشتباك الرقمي